| 000 | 01124nam a2200265 a 4500 | ||
|---|---|---|---|
| 001 | 79048 | ||
| 003 | BD-RjUL | ||
| 005 | 20211221160446.0 | ||
| 008 | 211221s19821402pk 00010 urd d | ||
| 035 | _a(BD-RjUL)79048 | ||
| 040 |
_aBD-RjUL _cBD-RjUL _beng _dBD-RjUL |
||
| 041 | _aurd | ||
| 066 | _c(3 | ||
| 082 |
_223 _a297.265 _bSUI 1982 |
||
| 100 | 0 |
_a سيوطي جلال الدين عبد الرحمن .;; Suyūṭī, Jalaluddin Abdul Rahman _d1445-1505. _9245556 |
|
| 245 | 1 | 3 |
_a الإتقان في علوم القرآن ;; al-Itqān fī ʿulūm al-Qurʼān / _cجلال الدين عبد الرحمن السيوطي ; محمد حليم صاحب انصري مترجم ;; Jalāl al-Dīn ʿAbd al-Raḥmān al-Suyūṭī ; tajuma Muhammad Halim Saheb Ansary |
| 260 |
_a لاهور ;; Lahore : _b ادارہ اسلامیات ;; ,Institution of Islamic Studies , _c1982 |
||
| 300 |
_a v. ; _c23 cm. |
||
| 300 | _c٢٥ سم | ||
| 505 | _aVol.2.-- | ||
| 650 |
_aقران _vسائنس _9243649 |
||
| 650 |
_aQuran _vScience _9246548 |
||
| 700 |
_a Ansary, Muhammad Halim Saheb ;mutajim _9318 |
||
| 942 |
_2ddc _cBK |
||
| 999 |
_c79048 _d79048 |
||